APEC Schools

Defeating stress and anxiety / (Record no. 8905)

000 -LEADER
fixed length control field nam a22 7a 4500
005 - DATE AND TIME OF LATEST TRANSACTION
control field 20200319031716.0
008 - FIXED-LENGTH DATA ELEMENTS--GENERAL INFORMATION
fixed length control field 200319b xxu||||| |||| 00| 0 eng d
020 ## - IDENTIFIER FOR THE MANIFESTATION
Identifier for the Manifestation 9781499461954
Binding hard bound
040 ## - CATALOGING SOURCE
Language of Cataloging eng
Transcribing Agency APEC Schools Library
Description Conventions rda
082 ## - DEWEY DECIMAL CLASSIFICATION NUMBER
Classification number C 155.9042
Author's Number St782d 2016
100 ## - CREATOR
Preferred Name of the Person Staley, Erin
245 ## - TITLE AND STATEMENT OF RESPONSIBILITY
Preferred Title Proper Defeating stress and anxiety /
Statement of Responsibility/Parallel Statement of Responsibility Erin Staley
264 ## - PUBLICATION STATEMENT
Place of publication, distribution, etc New York, NY :
Publisher's Name/Parallel Publisher's Name Rosen Publishing Group, Inc.,
Copyright ©2016.
300 ## - PHYSICAL DESCRIPTION
Extent 64 pages :
Illustrative Content colored illustrations ;
336 ## - RDA CONTENT
Source rdacontent
Content Type text
337 ## - RDA MEDIA
Source rdamedia
Media Type unmediated
338 ## - RDA CARRIER
Source rdacarrier
Carrier Type volume
504 ## - BIBLIOGRAPHY, ETC. NOTE
Bibliography, etc Includes bibliographical references and index.
650 ## - ADDED SUBJECT ACCESS POINT - TOPICAL TERM
Topical Term Stress management.
942 ## - ADDED ENTRY ELEMENTS (KOHA)
Source of Classification
Koha Item Type Non Fiction
Holdings
Library Site Location Shelving Location Source of Acquisition Full Classification Number Accession Number Koha Item Type
APEC Bacoor Library APEC Bacoor Library Circulation Institutional Fund C 155.9042 St782d 2016 B04-0000610 Non Fiction
APEC C. Raymundo Library APEC C. Raymundo Library Circulation Institutional Fund C 155.9042 St782d 2016 A07-0000533 Non Fiction
APEC Calumpang Library APEC Calumpang Library Circulation Institutional Fund C 155.9042 St782d 2016 B10-0000538 Non Fiction
APEC Dasmarinas Library APEC Dasmarinas Library Circulation Institutional Fund C 155.9042 St782d 2016 B03-0000573 Non Fiction
APEC Grace Park West Library APEC Grace Park West Library Circulation Institutional Fund C 155.9042 St782d 2016 A09-0000417 Non Fiction
APEC JRU Lipa Library APEC JRU Lipa Library Circulation Institutional Fund C 155.9042 St782d 2016 B12-0000593 Non Fiction
APEC Las Piñas Library APEC Las Piñas Library Circulation Institutional Fund C 155.9042 St782d 2016 C01-0000430 Non Fiction
APEC Marikina Heights Library APEC Marikina Heights Library Circulation Institutional Fund C 155.9042 St782d 2016 A08-0000441 Non Fiction
Chain Library Chain Library Circulation Institutional Fund C 155.9042 St782d 2016 AC-0000134 Non Fiction

Powered by Koha